00874nam a2200253 a 4500003000400000005001700004008002700021020001700048040002600065082002700091100002900118100002500147245003300172260005800205300004200263500000600305590002600311600002700337650006200364910004100426942001200467952012400479999001700603OSt20240216094540.0100811s2018 xx 000 0 spa d a978025633754 aDO-SdBNPbspacBPMSU  4a923.173bO12b 20182221 aObama, Michelle, d1964-z aGómez, Carlos Nina10aBecoming /c Michelle Obama  aEstados Unidos :bThe United States of America,c2018 axvi, 675v p. :bil., fots. ; c23 cm. a  aInventariado, 2024/VM14aObama, Michelled1964- 4aEsposas de presidentes vBiografías zEstados Unidosy  aVMateo V. Control de calidad. BPMSU  2ddccBK 00102ddc40708CGaBPMETbBPMETd2024-02-16l0oBPMSU CG 923.173 O12b 2018pBPMSU24020333r2024-02-16w2024-02-16yBK c14571d14571